000 00562nam a2200193 i 4500
001 36440
003 ES-MaACL
005 20230906155352.0
007 t|
008 030218s1968 sp |||| | spa d
100 1 _aBourgy, Paul.
_931002
245 1 0 _aTeologia y espiritualidad de la encarnación /
_cPaul Bourgy ; [la traducción por José Torrella].
250 _a1ª ed.
260 _aBarcelona :
_bEstela,
_c[1968]
300 _a140 p. ;
_c19 cm.
650 4 _aEncarnación.
_9168705
700 1 _aTorrella, José.
_9110816
852 _aES-MaACL
_jC-34472
999 _c36440
_d36440